[Event "Challenge"]
[Site "http://www.queenalice.com/game.php?id=731024"]
[Date "2010.2.12"]
[Round "-"]
[White "holpache"]
[Black "isaacfieri"]
[Result "0-1"]
[WhiteElo "2531"]
[BlackElo "2431"]

1. d4 Nf6 2. Bg5 Ne4 3. Bf4 d5 4. e3 c5 5. Bd3 Qb6 6. Bxe4 dxe4 7. Nc3 cxd4 8.
Qxd4 Nc6 9. Qxb6 axb6 10. Bc7 Kd7 11. Bg3 e5 12. a3 Ke8 13. Nge2 h5 14. h4 Bf5
15. Nd5 Bb4+ 16. Nxb4 Nxb4 17. O-O-O Bg4 18. Rhe1 Nc6 19. Rd5 f6 20. Nc3 Be6 21.
Rdd1 Bg4 22. Rd2 Ke7 23. Nd5+ Kf7 24. Nxb6 Rad8 25. Rxd8 Rxd8 26. Na4 Ke6 27.
Nc5+ Kd5 28. b4 Ra8 29. c4+ Kxc4 30. Kb2 Kd5 0-1

[Event "Challenge"]
[Site "http://www.queenalice.com/game.php?id=731025"]
[Date "2010.2.12"]
[Round "-"]
[White "isaacfieri"]
[Black "holpache"]
[Result "1/2-1/2"]
[WhiteElo "2449"]
[BlackElo "2621"]

1. c4 Nf6 2. Nc3 c5 3. Nf3 d5 4. cxd5 Nxd5 5. d4 Nxc3 6. bxc3 g6 7. Bf4 Bg7 8.
e3 Qa5 9. Qd2 O-O 10. Rb1 Nd7 11. Bd3 a6 12. c4 Qxd2+ 13. Kxd2 b5 14. Rhe1 Bb7
15. d5 b4 16. Kc2 Nb6 17. e4 a5 18. e5 e6 19. d6 Rad8 20. Re3 Na4 21. Rbe1 Nc3
22. a3 Bc6 23. h4 h5 24. Ng5 Rb8 25. f3 Bd7 26. g3 Na4 27. Bf1 Nb6 28. Kc1 Bc8
29. Kb2 Ba6 1/2-1/2

[Event "Challenge"]
[Site "http://www.queenalice.com/game.php?id=741197"]
[Date "2010.3.4"]
[Round "-"]
[White "fred57"]
[Black "isaacfieri"]
[Result "1-0"]
[WhiteElo "2534"]
[BlackElo "2436"]

1. d4 Nf6 2. c4 e6 3. Nc3 Bb4 4. Qc2 O-O 5. a3 Bxc3+ 6. Qxc3 b6 7. Bg5 Bb7 8. e3
d6 9. Ne2 Nbd7 10. Qc2 e5 11. O-O-O Be4 12. Qd2 h6 13. Bh4 Re8 14. Nc3 Bg6 15.
f3 Qb8 16. e4 exd4 17. Qxd4 Nc5 18. Qe3 Nfd7 19. g4 a5 20. Bf2 Qb7 21. h4 f6 22.
g5 hxg5 23. hxg5 f5 24. Bg2 Ne5 25. f4 Nxc4 26. Qh3 Rxe4 27. Bd4 Kf7 28. Bxg7
Kxg7 29. Nxe4 Nxe4 30. Bxe4 Qxe4 31. Qc3+ Ne5 32. fxe5 Qxe5 33. Qxc7+ Kg8 34.
Rh6 Qg7 35. Qxd6 1-0

[Event "Challenge"]
[Site "http://www.queenalice.com/game.php?id=741198"]
[Date "2010.3.4"]
[Round "-"]
[White "isaacfieri"]
[Black "fred57"]
[Result "0-1"]
[WhiteElo "2441"]
[BlackElo "2547"]

1. c4 Nf6 2. Nc3 e6 3. e4 d5 4. e5 d4 5. exf6 dxc3 6. bxc3 Qxf6 7. d4 c5 8. Nf3
cxd4 9. cxd4 Bb4+ 10. Bd2 Bxd2+ 11. Qxd2 b6 12. Be2 Bb7 13. O-O O-O 14. Rfd1 Nc6
15. Rac1 Rad8 16. Qc3 Rd7 17. Rd2 Rfd8 18. Rcd1 h6 19. Qe3 Rd6 20. Bd3 Ne7 21.
Be4 Nf5 22. Qe1 Bxe4 23. Qxe4 Rc8 24. Ne5 Rdd8 25. g3 Nd6 26. Qe2 Nf5 27. Ng4
Qg5 28. d5 exd5 29. cxd5 Re8 30. Ne3 Nxe3 31. fxe3 Rxe3 32. Qf2 Rd8 33. d6 Rd7
34. Rd5 Re5 35. Rxe5 Qxe5 36. Qd2 f5 37. Kf2 Kf7 38. Kf3 Kf6 0-1

[Event "QA-ANNIV-04"]
[Site "http://www.queenalice.com/game.php?id=762146"]
[Date "2010.4.16"]
[Round "8"]
[White "jagvg"]
[Black "isaacfieri"]
[Result "1-0"]
[WhiteElo "2337"]
[BlackElo "2459"]

1. e4 c6 2. d4 d5 3. exd5 cxd5 4. c4 Nf6 5. Nc3 Nc6 6. Nf3 Bg4 7. cxd5 Nxd5 8.
Bb5 Rc8 9. O-O e6 10. h3 Bxf3 11. Qxf3 a6 12. Bxc6+ Rxc6 13. Qg3 f6 14. Nxd5
Qxd5 15. Qb8+ Kf7 16. Qxb7+ Be7 17. Bd2 Rc2 18. Qxd5 exd5 19. Bc3 Rc8 20. Rac1
Rxc1 21. Rxc1 Rb8 22. a3 a5 23. Bxa5 Rxb2 24. Ra1 f5 25. a4 Bf6 26. Bc3 Rb3 27.
Rc1 Ra3 28. a5 Bd8 29. g3 Bxa5 30. Bxa5 Rxa5 31. Rc7+ Kf6 32. Rd7 h6 33. Kg2 Ra4
34. Rxd5 Ke6 35. Rd8 Ke7 36. Rg8 Kf7 37. Rc8 Rxd4 38. Rc7+ Kf6 39. Rc6+ Kg5 40.
Kf3 Rd3+ 41. Ke2 Ra3 42. h4+ Kh5 43. Rc5 Kg6 44. Kd2 Kf6 45. h5 Kg5 46. Rc7 g6
47. hxg6 Kxg6 48. Ke2 Ra4 49. Ke3 h5 50. Rc6+ Kg5 51. Rc8 Ra3+ 52. Ke2 Rb3 53.
Rg8+ 1-0

[Event "AUTO-ELITE-430"]
[Site "http://www.queenalice.com/game.php?id=772606"]
[Date "2010.5.8"]
[Round "2"]
[White "Pollyanna"]
[Black "isaacfieri"]
[Result "1-0"]
[WhiteElo "2470"]
[BlackElo "2467"]

1. e4 c6 2. d4 d5 3. Nd2 dxe4 4. Nxe4 Bf5 5. Ng3 Bg6 6. h4 h6 7. Nf3 Nd7 8. h5
Bh7 9. Bd3 Bxd3 10. Qxd3 e6 11. Bf4 Qa5+ 12. Bd2 Qa6 13. Qxa6 bxa6 14. O-O-O
Ngf6 15. Ne5 Be7 16. Nxc6 1-0

[Event "AUTO-ELITE-430"]
[Site "http://www.queenalice.com/game.php?id=772607"]
[Date "2010.5.8"]
[Round "2"]
[White "isaacfieri"]
[Black "Pollyanna"]
[Result "1/2-1/2"]
[WhiteElo "2430"]
[BlackElo "2491"]

1. c4 Nf6 2. Nc3 e6 3. e4 d5 4. e5 d4 5. exf6 dxc3 6. bxc3 Qxf6 7. d4 e5 8. Nf3
exd4 9. cxd4 Bb4+ 10. Bd2 Bxd2+ 11. Qxd2 O-O 12. Be2 c5 13. Rd1 cxd4 14. Qxd4
Qe7 15. Qd6 Qxd6 16. Rxd6 Nc6 17. Kd2 Bf5 18. c5 Rfd8 19. Rd1 Rdc8 20. Kc3 h6
21. Bb5 Ne7 22. Kb4 a5+ 23. Kc4 Be6+ 24. Rxe6 fxe6 25. Bd7 Rc7 26. Bxe6+ Kh7 27.
Rd6 Nc6 28. Nh4 Rf8 29. Bf5+ Kg8 30. Be6+ Kh7 31. Bf5+ Kg8 32. Be6+ Kh7 1/2-1/2

[Event "luizantoniosetti"]
[Site "http://www.queenalice.com/game.php?id=779546"]
[Date "2010.5.23"]
[Round "1"]
[White "goldenboy"]
[Black "isaacfieri"]
[Result "0-1"]
[WhiteElo "2072"]
[BlackElo "2435"]

1. d4 Nf6 2. c4 e6 3. Nf3 b6 4. Bg5 h6 5. Bxf6 Qxf6 6. e3 Bb7 7. Be2 Bb4+ 8.
Nbd2 c5 9. a3 Bxd2+ 10. Qxd2 cxd4 11. Qxd4 Nc6 12. Qxf6 gxf6 13. O-O-O Rg8 14.
Rhg1 Ne5 15. Nxe5 fxe5 16. g3 Rc8 17. Kb1 Ke7 18. Rd2 f5 19. Rgd1 d5 20. f4 Kf6
21. b3 Rg7 22. cxd5 Bxd5 23. Kb2 h5 24. Bxh5 Rh8 25. Be2 Rxh2 26. Bc4 Rxd2+ 27.
Rxd2 Bxc4 28. fxe5+ Kxe5 29. bxc4 Rxg3 30. Rd7 Rxe3 31. Rxa7 f4 32. Rf7 f3 33.
Kc2 Rxa3 34. Kb2 Re3 35. Kc2 Ke4 36. Rf6 e5 37. Rxb6 f2 38. Rf6 Rf3 39. Rxf3
Kxf3 40. c5 f1=Q 41. Kc3 Qb5 0-1

[Event "AUTO-ELITE-360"]
[Site "http://www.queenalice.com/game.php?id=787526"]
[Date "2010.6.9"]
[Round "2"]
[White "isaacfieri"]
[Black "sical"]
[Result "1/2-1/2"]
[WhiteElo "2435"]
[BlackElo "2436"]

1. c4 e5 2. Nc3 Nf6 3. g3 d5 4. cxd5 Nxd5 5. Bg2 Nb6 6. Nf3 Nc6 7. O-O Be7 8. a3
O-O 9. b4 Be6 10. d3 Nd5 11. Bb2 f6 12. Rc1 Nxc3 13. Bxc3 a5 14. b5 Na7 15. a4
c6 16. bxc6 Nxc6 17. Nd2 Rc8 18. Nc4 b6 19. Qb3 Nb4 20. Bb2 Rc7 21. Rfd1 Qd7 22.
Be4 Rfc8 23. Bc3 Bc5 24. Bf3 1/2-1/2

[Event "AUTO-ELITE-360"]
[Site "http://www.queenalice.com/game.php?id=787527"]
[Date "2010.6.9"]
[Round "2"]
[White "sical"]
[Black "isaacfieri"]
[Result "1-0"]
[WhiteElo "2452"]
[BlackElo "2444"]

1. e4 c6 2. d4 d5 3. Nc3 dxe4 4. Nxe4 Bf5 5. Ng3 Bg6 6. Nf3 Nd7 7. h4 h6 8. h5
Bh7 9. Bd3 Bxd3 10. Qxd3 e6 11. Bd2 Ngf6 12. O-O-O Qc7 13. Ne4 Be7 14. Nxf6+
Bxf6 15. Rhe1 O-O-O 16. Qa3 b5 17. g3 Be7 18. Qxe7 1-0

[Event "goldenboy"]
[Site "http://www.queenalice.com/game.php?id=795952"]
[Date "2010.6.28"]
[Round "5"]
[White "Cueball600"]
[Black "isaacfieri"]
[Result "0-1"]
[WhiteElo "2330"]
[BlackElo "2394"]

1. e4 c6 2. d4 d5 3. e5 Bf5 4. Bd3 Bxd3 5. Qxd3 e6 6. Nf3 Qa5+ 7. Nbd2 Qa6 8.
O-O Qxd3 9. cxd3 h5 10. Nb3 Nd7 11. Bd2 Nh6 12. Rac1 Nf5 13. Na5 Rb8 14. Nb3 Be7
15. Rfd1 Rg8 16. Bg5 Bxg5 17. Nxg5 a5 18. a4 Ra8 19. Nc5 Nxd4 20. Nxd7 Ne2+ 21.
Kf1 Nxc1 22. Nb6 Ra6 23. Nc8 Nb3 24. Nd6+ Ke7 25. Ngxf7 Rb6 26. Ng5 Rb4 27. Ke1
Nc5 28. d4 Nxa4 29. Rd3 Rxb2 30. Rf3 Rf8 31. Rxf8 Kxf8 32. Nxe6+ Ke7 33. Nxg7
Nc3 34. Ndf5+ Kf8 35. Ne6+ Kf7 36. Nf4 a4 37. Nd6+ Ke7 38. Ng6+ Ke6 39. Nf8+ Ke7
40. Ng6+ Kd7 41. Nf8+ Kc7 42. Ne6+ Kb6 43. Nc8+ Ka5 44. g3 a3 0-1

[Event "luizantoniosetti"]
[Site "http://www.queenalice.com/game.php?id=848876"]
[Date "2010.10.21"]
[Round "2"]
[White "isaacfieri"]
[Black "valdiluis"]
[Result "1-0"]
[WhiteElo "2436"]
[BlackElo "2009"]

1. c4 e6 2. Nf3 b6 3. Nc3 Bb7 4. e4 Nc6 5. d4 Bb4 6. Bd3 Nf6 7. e5 Ng4 8. h3 Qh4
9. Nxh4 h5 10. hxg4 O-O-O 11. Bg5 Rdf8 12. gxh5 Nxd4 13. a3 Bxc3+ 14. bxc3 Nf5
15. Nxf5 exf5 16. Bxf5 Bc6 17. Qd4 1-0

[Event "AUTO-MASTER-906"]
[Site "http://www.queenalice.com/game.php?id=850901"]
[Date "2010.10.26"]
[Round "2"]
[White "isaacfieri"]
[Black "Catalin"]
[Result "1/2-1/2"]
[WhiteElo "2408"]
[BlackElo "2306"]

1. c4 c5 2. Nc3 Nc6 3. Nf3 Nf6 4. d4 cxd4 5. Nxd4 Nxd4 6. Qxd4 e6 7. e4 Bb4 8.
e5 Bxc3+ 9. bxc3 Ng8 10. Bd3 f6 11. O-O Qe7 12. Bf4 a5 13. exf6 Nxf6 14. Bd6 Qf7
15. Rae1 Ng8 16. Re3 a4 17. f4 Nf6 18. f5 Ra6 19. fxe6 dxe6 20. c5 Ra7 21. c6
bxc6 22. Bc4 Ra5 23. Qb6 Qa7 24. Qxa7 Rxa7 25. Bxe6 Bxe6 26. Rxe6+ Kf7 27. Rfe1
Re8 28. Rxe8 Nxe8 29. Bc5 1/2-1/2

[Event "AUTO-MASTER-906"]
[Site "http://www.queenalice.com/game.php?id=850902"]
[Date "2010.10.26"]
[Round "2"]
[White "Catalin"]
[Black "isaacfieri"]
[Result "1-0"]
[WhiteElo "2263"]
[BlackElo "2391"]

1. e4 c6 2. d4 d5 3. exd5 cxd5 4. Nf3 Nc6 5. Bb5 Bg4 6. Nc3 Rc8 7. Bg5 Nf6 8. h3
Bxf3 9. Qxf3 e6 10. Bxf6 Qxf6 11. Qxf6 gxf6 12. O-O a6 13. Bxc6+ Rxc6 14. a3 f5
15. Rfd1 Kd7 16. Rd3 Bg7 17. Rad1 Rhc8 18. Na4 Bf8 19. b4 b6 20. c3 Bd6 21. Re3
Rb8 22. Rde1 a5 23. Rf3 axb4 24. axb4 f4 25. g3 Rcc8 26. gxf4 Rg8+ 27. Kh1 f5
28. b5 Kc7 29. Rxe6 Ra8 30. Nxb6 Ra1+ 31. Kh2 Rgg1 32. Nxd5+ Kd7 33. Rf6 Rh1+
34. Kg3 Rag1+ 35. Kh4 Rg4+ 36. Kh5 1-0

[Event "Challenge"]
[Site "http://www.queenalice.com/game.php?id=853955"]
[Date "2010.11.3"]
[Round "-"]
[White "isaacfieri"]
[Black "cro_kramnik"]
[Result "0-1"]
[WhiteElo "2414"]
[BlackElo "2520"]

1. c4 e5 2. Nc3 Nf6 3. g3 d5 4. cxd5 Nxd5 5. Bg2 Nb6 6. Nf3 Nc6 7. O-O Be7 8. a3
O-O 9. b4 Be6 10. d3 f6 11. Ne4 Qe8 12. Bd2 Qf7 13. Qc1 Bd5 14. Nc5 Nd4 15. Nxd4
Bxg2 16. Kxg2 exd4 17. Kg1 Qd5 18. Qc2 Rfe8 19. Rfe1 a5 20. Rac1 axb4 21. Bxb4
Bxc5 22. Qxc5 Qxc5 23. Rxc5 c6 24. Kf1 Re5 25. Rec1 Kf7 26. h4 Ke6 27. R1c2 Nd7
28. R5c4 c5 29. Bxc5 b5 0-1

[Event "Challenge"]
[Site "http://www.queenalice.com/game.php?id=854273"]
[Date "2010.11.3"]
[Round "-"]
[White "cro_kramnik"]
[Black "isaacfieri"]
[Result "1-0"]
[WhiteElo "2514"]
[BlackElo "2430"]

1. d4 Nf6 2. c4 e5 3. dxe5 Ng4 4. Nf3 Nc6 5. Bf4 Bc5 6. e3 Bb4+ 7. Nc3 Qe7 8.
Qb3 Ba5 9. Rd1 Ngxe5 10. Nxe5 Nxe5 11. Rd5 Bxc3+ 12. Qxc3 d6 13. Bxe5 dxe5 14.
Qxe5 f6 15. Qxe7+ Kxe7 16. Rd2 Be6 17. Bd3 Rad8 18. Ke2 c5 19. Rhd1 f5 20. b3 a5
21. e4 fxe4 22. Bxe4 Rxd2+ 23. Rxd2 a4 24. Bxb7 axb3 25. axb3 Rb8 26. Bd5 Rxb3
27. Bxe6 Kxe6 28. Rd5 Rb4 29. Rxc5 Kd6 30. Rc8 Ke7 31. g4 1-0

[Event "luizantoniosetti"]
[Site "http://www.queenalice.com/game.php?id=875985"]
[Date "2010.12.24"]
[Round "3"]
[White "isaacfieri"]
[Black "kasker"]
[Result "0-1"]
[WhiteElo "2437"]
[BlackElo "2497"]

1. c4 Nf6 2. Nc3 e5 3. g3 d5 4. cxd5 Nxd5 5. Bg2 Nb6 6. Nf3 Nc6 7. O-O Be7 8. a3
O-O 9. b4 Be6 10. d3 f5 11. Bb2 Bf6 0-1